Statistiques concernant Top 10 des pays les plus visités en 2020

Cliquez ici pour prendre le quiz!

Statistiques générales

  • Ce quiz a été pris 247 fois
  • Le résultat moyen est 7 sur 10

Statistiques - réponses

VisitesPays% Correct
42 MFrance
100%
19,4 MEtats-Unis
99%
19 MEspagne
98%
25,3 MItalie
91%
13 MRoyaume-Uni
88%
12,4 MAllemagne
86%
24,3 MMexique
74%
15,8 MTurquie
48%
8,4 MPologne
34%
15 MAutriche
22%

Distribution des résultats

Percentile par nombre de réponses

% des personnes avec chaque résultat

Votre développement - résultats

Vous n’avez pas pris ce quiz